Statistics for کشورهای دنیا

Click here to take the quiz!

General Stats

  • This quiz has been taken 34 times
    (25 since last reset)
  • The average score is 95 of 196

Answer Stats

Country % Correct
ایالات متحده آمریکا
89%
کانادا
83%
کلمبیا
78%
مکزیک
78%
پاناما
78%
ایران
78%
برزیل
78%
شیلی
72%
پرو
72%
هند
72%
پاکستان
72%
لیبی
72%
ونزوئلا
72%
کوبا
72%
آرژانتین
72%
اسپانیا
72%
چین
67%
افغانستان
67%
گینه
67%
تایلند
67%
کستاریکا
67%
فرانسه
67%
مصر
67%
آلمان
67%
نیجریه
67%
نیجر
67%
سومالی
67%
آفریقای جنوبی
67%
مراکش
67%
بنگلادش
67%
ایتالیا
67%
کنیا
67%
اروگوئه
67%
عراق
67%
تونس
61%
هلند
61%
پاراگوئه
61%
ترکیه
61%
اتیوپی
61%
هندوراس
61%
سوئیس
61%
پرتغال
61%
سوریه
61%
گرجستان
61%
الجزائر
61%
سنگال
61%
ماداگاسکار
61%
اندونزی
61%
عربستان سعودی
61%
گینه بیسائو
61%
تاجیکستان
61%
آنگولا
61%
نپال
61%
رومانی
61%
بریتانیا
61%
میانمار
61%
کامرون
61%
سودان
61%
استرالیا
61%
آذربایجان
61%
موزامبیک
61%
بوتان
61%
بلژیک
61%
بولیوی
61%
نیکاراگوئه
61%
ازبکستان
61%
ارمنستان
61%
چاد
61%
جیبوتی
61%
موریتانی
61%
مالزی
61%
ویتنام
61%
اکوادور
61%
ترکمنستان
61%
روسیه
61%
دانمارک
61%
سری لانکا
56%
کره شمالی
56%
مغولستان
56%
قزاقستان
56%
کویت
56%
اردن
56%
سوئد
56%
مالی
56%
نیوزیلند
56%
عمان
56%
فنلاند
56%
بوسنی و هرزگوین
56%
ژاپن
56%
بلغارستان
56%
فیلیپین
56%
اریتره
56%
امارات متحده عربی
56%
رواندا
56%
کره جنوبی
56%
اسرائیل
56%
تانزانیا
56%
یمن
56%
ایرلند
56%
قطر
56%
بحرین
56%
کرواسی
50%
اسلواکی
50%
مونته نگرو
50%
صربستان
50%
قبرس
50%
اوکراین
50%
نروژ
50%
لبنان
50%
سودان جنوبی
50%
ایسلند
50%
کوزووو
50%
تایوان
50%
گواتمالا
50%
اوگاندا
50%
زامبیا
50%
لهستان
50%
یونان
50%
جمهوری چک
50%
جمهوری کنگو
44%
سنگاپور
44%
سیرالئون
44%
مجارستان
44%
گینه استوایی
44%
غنا
44%
جمهوری دموکراتیک کنگو
44%
جمهوری آفریقای مرکزی
44%
آلبانی
44%
اتریش
44%
قرقیزستان
44%
گامبیا
44%
مولداوی
44%
مقدونیه
44%
مالاوی
39%
جمهوری دومینیکن
39%
ساحل عاج
39%
کامبوج
39%
زیمبابوه
39%
بلاروس
39%
لائوس
39%
السالوادور
39%
گویان
39%
هائیتی
39%
لتونی
39%
استونی
39%
لیتوانی
39%
نامیبیا
39%
توگو
33%
سورینام
33%
سوازیلند
33%
واتیکان
33%
لیبریا
33%
پاپوآ گینه نو
33%
بنین
33%
بوتسوانا
33%
لسوتو
33%
تووالو
28%
گابون
28%
دومینیکا
28%
بوروندی
28%
باهاما
28%
بورکینافاسو
28%
مالت
28%
کومور
28%
جامائیکا
28%
سن مارینو
28%
سیشل
28%
سنت لوسیا
22%
جزایر سلیمان
22%
سنت کیتس و نویس
22%
سنت وینسنت و گرنادین ها
22%
وانواتو
22%
بلیز
22%
فیجی
22%
برونئی
22%
تیمور شرقی
22%
مالدیو
22%
لوکزامبورگ
22%
کیریباتی
22%
پالائو
22%
جزایر مارشال
22%
ساموآ
17%
باربادوس
17%
تونگا
17%
کیپ ورد
17%
موریس
17%
ترینیداد و توباگو
17%
آنتیگوا و باربودا
17%
گرنادا
17%
سائوتومه و پرنسیپ
17%
نائورو
11%
آندورا
11%
موناکو
11%
لیختن اشتاین
11%
اسلووانی
0%
ایالات فدرال مکرونزی
0%

Score Distribution

Percentile by Number Answered

Percent of People with Each Score

Your Score History

You have not taken this quiz since the last reset